000
00198nam a2200085Ia 4500
008
180219s9999 xx 000 0 und d
100
_a
Sharma B L
245
0
_a
Samajik Vigyan Shiakshan
260
_a
R Lall Meerut
260
_c
2014
999
_c
42252
_d
42252